| 000 | 01147nam a2200337 i 4500 | ||
|---|---|---|---|
| 001 | 57490 | ||
| 003 | CO-BoRNBP | ||
| 005 | 20250703153603.0 | ||
| 007 | ta | ||
| 008 | 210806s2017 ck a|||br 000 j spa d | ||
| 020 | _a9789585736566 | ||
| 040 |
_aCO-BoRNBP _bspa _erda _cCO-BoRNBP |
||
| 041 | 0 | _aspa | |
| 043 | _as-ec--- | ||
| 084 | _aA YCA1 | ||
| 100 |
_aYcaza, Roger _d1977- , _eautor _960809 |
||
| 245 | 1 | 4 |
_aLos temerarios _cRoger Ycaza |
| 250 | _aPrimera edición | ||
| 264 | 1 |
_aBogotá, Colombia _bEditorial Gatomalo _c2017 |
|
| 300 |
_a36 páginas sin numerar _bilustraciones a color _c18 cm. |
||
| 336 |
_atexto _btxt _2rdacontenido |
||
| 337 |
_asin mediación _bn _2rdamedio |
||
| 338 |
_avolumen _bnc _2rdasoporte |
||
| 521 | _aRecomendado para un público infantil mayor de 3 años | ||
| 545 | _aIncluye datos biográficos del autor en la solapa | ||
| 650 | 0 | 7 |
_aJuegos infantiles en la literatura _2LEMB _929192 |
| 650 | 0 | 0 |
_aLiteratura infantil ecuatoriana _ySiglo XX _2LEMB _960810 |
| 650 | 0 | 0 |
_aÁlbumes infantiles ecuatorianos _ySiglo XX _2LEMB _960811 |
| 650 | 0 | 7 |
_aAventuras en la literatura _2LEMB _9492 |
| 942 |
_2loc _cBKLITI |
||
| 999 |
_c57490 _d57490 |
||